Cleveland cavaliers roster - Statistics

General Stats
  • This quiz has been taken 94 times
  • The average score is 5 of 16
Answer Stats
Roster % Correct
Lebron James
100%
Kyrie Irving
94%
Kevin Love
92%
J.R. Smith
79%
Iman Shumpert
43%
Matthew Dellavedova
25%
Anderson Varejao
21%
Timofey Mozgov
20%
Mo Williams
19%
James Jones
13%
Mike Miller
11%
Joe Harris
8%
Cedi Osman
7%
Ricahrd Jefferson
0%
Sasha Kuan
0%
Sir'Dominic Pointer
0%
No matching quizzes found
Score Distribution
Percent of People with Each Score
Percentile by Number Answered
Your Score History
You have not taken this quiz